Les gares de France par image - Statistiques

Statistiques générales
  • Ce quiz a été pris 89 fois
  • Le résultat moyen est 10 sur 16
Statistiques - réponses
Par images Réponse % Correct
gare de Lyon part-dieu
92%
gare de Marseille saint charles
81%
gare de Strasbourg
79%
gare de Bordeaux saint jean
77%
Paris gare du Nord
73%
gare de Lille Flandres
69%
Paris gare de Lyon
68%
gare de Toulouse Matabiau
66%
Paris gare Saint-lazare
58%
gare de Metz
53%
gare de Montpellier saint-roch
51%
gare de Nancy
48%
gare de Dijon
47%
gare de Nice
47%
gare de Rouen rive droite
38%
gare de Reims
25%
Aucun quiz correspondant
Distribution des résultats
% des personnes avec chaque résultat
Percentile par nombre de réponses
Votre historique - résultats
Vous n’avez pas pris ce quiz